000 00451nam a2200157 a 4500
001 000042769
005 20201002040402.0
008 140207s2003 xxkb r 000 0 spa d
020 _a1903492033
040 _aDO-SdBNP
_bspa
_cBNPHU
082 _axxxx
_bxxxx
245 0 0 _aA Review of Peace Operations :
_ba Case for Change.
260 _aLondon :
_bUniversity of London,
_c2003.
300 _a400 p. :
_bmapa ;
_c26 cm.
590 _aInventariado, 2019/BT
999 _c42258
_d42258